| 000 | 01484nam a2200337 a 4500 | ||
|---|---|---|---|
| 001 | BRCA_8668 | ||
| 005 | 20190320210349.0 | ||
| 008 | 021216s1696----ag-#######---#000-0#----# | ||
| 041 | _alat | ||
| 044 | _ait | ||
| 050 | 4 |
_aBX1970 _b.C54 _c1696 |
|
| 100 | 1 |
_aClementis VIII _921628 |
|
| 245 | 1 | 0 |
_aMissale romanum ex decreto sacrosancti concilii tridenti restitutum B. PII Pontificis max. jussu editum _cClementis VIII A.C. Urbanii VIII autoritate recognitum. |
| 260 |
_aVenetiis _bSumptibus Pauli Balleonii _c1696 |
||
| 300 |
_a1 vol. (con varias paginaciones) _bil. _c39 cm |
||
| 500 | _aFondo antiguo | ||
| 500 | _aSe encuentra en Caja Fuerte | ||
| 500 | _aCO-12-B-14 | ||
| 500 | _aPortada impresa en dos tintas negro y rojo con grabado | ||
| 500 | _aCon dedicatoria: Pius Episcopus, Clemens Papa VIII, Urbanus Papa VIII | ||
| 500 | _aTexto impreso en dos columnas | ||
| 500 | _aUso de letras capitulares | ||
| 500 | _aContiene pentagramas musicales y cuatro láminas con grabados | ||
| 500 | _aIncluye índice | ||
| 500 | _aNota de encuadernación: terciopelo con ornamentos métalicos | ||
| 505 | 0 | _aDentro del mismo documento se encuentra otro libro con el título: Missae propriae sanctorum trium ordinum fratum minorum ad formam missalis romani, 1733 | |
| 506 | 0 | _aFondo reservado: para su consulta es necesario credencial de usuario y carta de motivos | |
| 650 | 1 | 4 |
_aIglesia católica _eLiturgia y ritual _vMisal _921629 |
| 902 | _aLAR | ||
| 942 |
_2lcc _cB |
||
| 999 |
_c8327 _d8327 |
||